Formas (Registro nro. 30626)

Detalles MARC
000 -LEADER
fixed length control field 00242nam a22000977a 4500
008 - FIXED-LENGTH DATA ELEMENTS--GENERAL INFORMATION
fixed length control field 240219b |||||||| |||| 00| 0 eng d
082 ## - DEWEY DECIMAL CLASSIFICATION NUMBER
Classification number A COLF Ej.1
100 10 - MAIN ENTRY--PERSONAL NAME
Personal name Colella, Olga
Relator term traductora
9 (RLIN) 43449
245 ## - TITLE STATEMENT
Title Formas
Statement of responsibility, etc. Olga Colella
942 ## - ADDED ENTRY ELEMENTS (KOHA)
Source of classification or shelving scheme Dewey Decimal Classification
Existencias
Withdrawn status Lost status Source of classification or shelving scheme Damaged status Not for loan Home library Current library Shelving location Date acquired Total Checkouts Full call number Barcode Date last seen Price effective from Koha item type Public note
    Dewey Decimal Classification     Biblored Biblioteca Pública José María del Castillo y Rada Children's Area 02/19/2024   A COLF Ej.1 35714005558812 02/19/2024 02/19/2024 Books Material Interbibliotecario BibloRed